| 000 | 00000nam 22000008a 4500 |
| 001 | 9.837694 |
| 003 | CaOODSP |
| 005 | 20221107151212 |
| 007 | cr ||||||||||| |
| 008 | 170605s1991 onc #o f000 0 fre d |
| 040 | |aCaOODSP|bfre |
| 041 | |afre|beng |
| 043 | |an-cn---|an-cn-qu |
| 086 | 1 |aNH15-603/1991F-PDF |
| 100 | 1 |aFiliatrault, Pierre, |d1939- |
| 245 | 10|aÉtude sur les besoins des consommateurs pour un service de consultation technique en rénovation domiciliaire |h[ressource électronique] / |cPierre Filiatrault, Jean Ducharme. |
| 260 | |a[Ottawa] : |b[Société canadienne d'hypothèques et de logement], |c1991. |
| 300 | |a116 p. |
| 500 | |a« 8 octobre 1991 ». |
| 500 | |aPublié en anglais sous le titre : A study on the needs of consumers for a residential renovation technical advisory board : a summary report. |
| 500 | |aÉdition numérisée de l’imprimé 2015 [par Société canadienne d'hypothèques et de logement]. |
| 505 | 2 |a1.0 Problématique -- 2.0 Objectifs de l'étude -- 3.0 Méthodologie -- 4.0 Résultats de l'étude -- 5.0 Conclusion -- Annexe 1, Canevas d'entrevue de groupe -- Annexe 2, Questionnaire -- Annexe 3, Tableau de résultats administratifs -- Annexe 4, Analyses descriptives -- Annexe 5, Analyses comparatives. |
| 520 | 0 |a« Le mandat confié au Centre de recherche en gestion de l’UQAM par la SCHL en avril ’91 visait à connaître le comportement actuel et futur du consommateur en matière de rénovation domiciliaire et plus particulièrement de vérifier l'opportunité d’offrir un service de consultation technique en rénovation domiciliaire »--Sommaire exécutif. |
| 546 | |aComprend un résumé en anglais. |
| 692 | 07|2gccst|aRénovation domiciliaire |
| 692 | 07|2gccst|aSondage d'opinion |
| 700 | 1 |aDucharme, Jean. |
| 710 | 2 |aSociété canadienne d'hypothèques et de logement. |
| 775 | 08|tA study on the needs of consumers for a residential renovation technical advisory board |w(CaOODSP)9.837692 |
| 856 | 40|qPDF|s2.14 Mo|uhttps://publications.gc.ca/collections/collection_2017/schl-cmhc/NH15-603-1991-fra.pdf |